|
|
|
|
| LEADER |
02434nam a2200517 4500 |
| 001 |
ocn911057971 |
| 003 |
OCoLC |
| 005 |
20170124070332.8 |
| 006 |
m o d |
| 007 |
cr cnu|||unuuu |
| 008 |
150616s2015 enk ob 001 0 eng d |
| 040 |
|
|
|a DG1
|b eng
|e rda
|e pn
|c DG1
|d E7B
|d YDXCP
|d OCLCF
|d COO
|d OCLCQ
|d DEBBG
|d GrThAP
|
| 020 |
|
|
|a 9781119007456
|q (electronic bk.)
|
| 020 |
|
|
|a 1119007453
|q (electronic bk.)
|
| 020 |
|
|
|a 184821717X
|
| 020 |
|
|
|a 9781848217171
|
| 020 |
|
|
|a 9781119007463
|q (e-book)
|
| 020 |
|
|
|a 1119007461
|q (e-book)
|
| 020 |
|
|
|z 9781848217171
|
| 024 |
7 |
|
|a 10.1002/9781119007456
|2 doi
|
| 029 |
1 |
|
|a GBVCP
|b 836348079
|
| 029 |
1 |
|
|a DEBBG
|b BV043397886
|
| 035 |
|
|
|a (OCoLC)911057971
|
| 050 |
|
4 |
|a TA418.9.N35
|
| 082 |
0 |
4 |
|a 620.1/15
|2 23
|
| 049 |
|
|
|a MAIN
|
| 100 |
1 |
|
|a Rossi, Carole,
|e author.
|
| 245 |
1 |
0 |
|a Al-based energetic nanomaterials.
|n Volume 2,
|p Design, manufacturing, properties and applications /
|c Carole Rossi.
|
| 246 |
3 |
0 |
|a Design, manufacturing, properties and applications
|
| 264 |
|
1 |
|a London, UK :
|b ISTE, Ltd. ;
|a Hoboken, NJ :
|b John Wiley & Sons, Inc.,
|c 2015.
|
| 300 |
|
|
|a 1 online resource.
|
| 336 |
|
|
|a text
|b txt
|2 rdacontent
|
| 337 |
|
|
|a computer
|b c
|2 rdamedia
|
| 338 |
|
|
|a online resource
|b cr
|2 rdacarrier
|
| 490 |
1 |
|
|a Nanotechnologies for energy recovery set
|
| 505 |
0 |
|
|a Nanosized Aluminum as Metal Fuel / Carole Rossi -- Applications: Al Nanoparticles in Gelled Propellants and Solid Fuels / Carole Rossi -- Applications of Al Nanoparticles: Nanothermites / Carole Rossi -- Other Reactive Nanomaterials and Nanothermite Systems / Carole Rossi -- Combustion and Pressure Generation Mechanisms / Carole Rossi -- Applications / Carole Rossi.
|
| 504 |
|
|
|a Includes bibliographical references and index.
|
| 588 |
0 |
|
|a Online resource; title from PDF title page (John Wiley, viewed June 16, 2015).
|
| 650 |
|
0 |
|a Nanostructured materials.
|
| 650 |
|
7 |
|a Nanostructured materials.
|2 fast
|0 (OCoLC)fst01032630
|
| 655 |
|
4 |
|a Electronic books.
|
| 655 |
|
0 |
|a Electronic books.
|
| 776 |
0 |
8 |
|i Print version:
|a Rossi, Carole.
|t Al-based energetic nanomaterials. Volume 2, Design, manufacturing, properties and applications.
|d London, England ; Hoboken, New Jersey : ISTE : Wiley, ©2015
|h x, 154 pages
|z 9781119007456
|
| 830 |
|
0 |
|a Nanotechnologies for energy recovery set.
|
| 856 |
4 |
0 |
|u https://doi.org/10.1002/9781119007456
|z Full Text via HEAL-Link
|
| 994 |
|
|
|a 92
|b DG1
|